000 00818nam a2200205Ia 4500
003 GCL
008 140319s9999 xx 000 0 ara d
040 _aGCL /
_cGCL
082 0 4 _a913.04
_bب ر
100 1 _aمحمد عبدالمنعم العريان (مراجع)
245 1 0 _aرحلة ابن بطوطة :
_bتحفة النظار فى غرائب الامصار و عجائب الاسفار /
_cمحمد عبدالمنعم العريان (مراجع)
700 1 _aابن بطوطة : شرف الدين ابوعبدالله محمد بن عبدالله
260 _aبيروت :
_bدار احياء العلوم ،
_c1992
300 _aمتعدد ؛
_c24 سم
490 _a
650 0 4 _aالجغرافيا
650 0 4 _aالجغرافيا والرحلات
650 0 4 _aالرحالة
942 _2ddc
_cBK
999 _c52392
_d52392